000 00291nam a22001217a 4500
008 170505b xxu||||| |||| 00| 0 eng d
041 _aeng
080 _23 ED
_a34
100 _a14
101 _aSHJ
245 _aTHE SUPREME COURT AND THE CONSTITUTION
_cKUTLER.S.I
942 _2udc
_cBK
999 _c12781
_d12781